Normal view
MARC view
- Thyagarajan, K
Entry Personal Name
001 - CONTROL NUMBER
- control field: 96908
003 - CONTROL NUMBER IDENTIFIER
- control field: NUST
005 - DATE AND TIME OF LATEST TRANSACTION
- control field: 20220811150418.0
008 - FIXED-LENGTH DATA ELEMENTS
- fixed length control field: 220811|| aca||aabn | a|a d
040 ## - CATALOGING SOURCE
- Original cataloging agency: NUST
- Transcribing agency: NUST
100 ## - HEADING--PERSONAL NAME
- Personal name: Thyagarajan, K
670 ## - SOURCE DATA FOUND
- Source citation: Work cat.: (NUST)190621: Ghatak, A. K. 96907, An introduction to fiber optics /, 1998.
